000 00749nam a2200145 a 4500
008 120416s1989 ||||||||||||||||| || u
050 _aHG 3881 Smi
100 _aSmith, Roy C
245 1 4 _aThe Global bankers
260 _aNew York
_bTruman/Plume
_c1989
350 _a0.00
995 _aANNEX COLLECTION (Main Library)
_D0.00
_e725612
_FCBU-MAIN LIBRARY (Kitwe)
_H2
_I22.50
_jHG 3881 Smi
_M2
_UAVAILABLE
_y008017
_ZAnnex Low-Usage Collection
995 _aANNEX COLLECTION (Main Library)
_D0.00
_e008016
_FCBU-MAIN LIBRARY (Kitwe)
_H1
_I22.50
_jHG 3881 Smi
_UAVAILABLE
_y008016
_ZAnnex Low-Usage Collection
995 _aANNEX COLLECTION (Main Library)
_D0.00
_e723405
_FCBU-MAIN LIBRARY (Kitwe)
_H3
_I22.50
_jHG 3881 Smi
_M3
_UAVAILABLE
_y008018
_ZAnnex Low-Usage Collection
999 _c75914
_d75914